000 00357nam a2200145Ia 4500
008 220216s9999 xx 000 0 und d
245 0 _aFungal diseases of the tapping panel
260 _bPlanters Bulletin
_c1965
300 _a263-269
650 _aBlack stripe
650 _aFungal disease
650 _aRubber
650 _aTapping panel
942 _cJS
999 _c59651
_d59651